Rozpoznaj przez jakie państwa odbywa się podróż : Europa - Statystyki

Ogólne statystyki
  • Ten quiz został rozwiązany 24 razy
  • Średni wynik to 9 z 11
Statystyki odpowiedzi
Kierunek KM Państwo % Poprawnych
Wschód/Południe 280km Ukraina
100%
Południe 76km Słowenia
91%
Południe 76km Chorwacja
87%
Południe 541km Rumunia
87%
Zachod 586km Austria
83%
Wschód 297km Serbia
83%
Zachód 73km Węgry
83%
Południe 135km Bośnia i Hercegowina
78%
Południe 268km Czarnogóra
78%
Wschód 210km Kosowo
74%
Południe 156km Macedonia Północna
74%
Nie znaleziono quizów pasujących do podanych kryteriów
Rozkład punktacji
Procent ludzi z każdym wynikiem
Percentyl według liczby udzielonych odpowiedzi
Twoja historia wyników
Nie rozwiązałeś tego quizu